[Event "AUTO-OPEN-441"]
[Site "http://www.queenalice.com/game.php?id=125573"]
[Date "2006.11.5"]
[Round "1"]
[White "BaABnG"]
[Black "ogniemimieczem"]
[Result "0-1"]
[WhiteElo "1342"]
[BlackElo "1739"]

1. e4 d6 2. Nf3 Nf6 3. Nc3 g6 4. Bc4 Bg7 5. d4 Nxe4 6. Nxe4 d5 7. Bxd5 Qxd5 8.
Qe2 O-O 9. O-O Nc6 10. c3 e5 11. dxe5 Nxe5 12. Neg5 Re8 13. Nxe5 Rxe5 14. Qf3
Bf5 15. Bf4 Qxf3 16. Nxf3 Re2 17. b4 Bxc3 18. Rac1 Bxb4 19. Rxc7 Rxa2 20. Rxb7
a5 21. g3 Be4 22. Ne5 Bxb7 23. Nd3 Ba6 24. Rd1 Rd8 25. Bc7 Rxd3 0-1

[Event "AUTO-OPEN-441"]
[Site "http://www.queenalice.com/game.php?id=125574"]
[Date "2006.11.5"]
[Round "1"]
[White "ogniemimieczem"]
[Black "BaABnG"]
[Result "1-0"]
[WhiteElo "1739"]
[BlackElo "1342"]

1. Nf3 g6 2. d4 Bg7 3. e4 e6 4. Nc3 Ne7 5. Be3 Nbc6 6. Qd2 d5 7. e5 Nf5 8. Bf4
O-O 9. h4 f6 10. O-O-O a6 11. h5 fxe5 12. Nxe5 Ncxd4 13. hxg6 h6 14. g4 Ne7 15.
Nf7 Qe8 16. Nxh6+ Bxh6 17. Rxh6 Nxg6 18. Qxd4 e5 19. Qxd5+ Be6 20. Qe4 exf4 21.
Rxg6+ Kf7 22. Rxe6 Qxe6 23. Bc4 1-0

[Event "Let's Play Chess!"]
[Site "http://www.queenalice.com/game.php?id=129734"]
[Date "2006.11.15"]
[Round "-"]
[White "BaABnG"]
[Black "marcosnatal"]
[Result "0-1"]
[WhiteElo "1326"]
[BlackElo "1939"]

1. e4 e5 2. Nf3 Nc6 3. d4 exd4 4. c3 dxc3 5. Nxc3 Bb4 6. Bc4 Bxc3+ 7. bxc3 Qe7
8. Bd5 Nf6 9. Qe2 Nxd5 10. exd5 Qxe2+ 11. Kxe2 Ne7 12. Re1 Nxd5 13. c4 Nb4 14.
Kf1+ Kf8 15. Ba3 a5 16. Nd4 d6 17. Nb5 Be6 18. Nxc7 Bxc4+ 19. Kg1 Rc8 20. Re4
Rxc7 21. h3 d5 22. Re5 Re7 23. Rxe7 Kxe7 24. Rb1 Ra8 25. Bxb4+ axb4 26. Rxb4 b5
0-1

[Event "Let's Play Chess!"]
[Site "http://www.queenalice.com/game.php?id=139586"]
[Date "2006.12.11"]
[Round "-"]
[White "Natacha"]
[Black "BaABnG"]
[Result "1-0"]
[WhiteElo "1733"]
[BlackElo "1376"]

1. e4 g6 2. Nf3 Bg7 3. Nc3 e6 4. d4 Ne7 5. h4 d5 6. h5 dxe4 7. Nxe4 Nf5 8. h6
Bxd4 9. g4 Bc3+ 10. bxc3 Qxd1+ 11. Kxd1 Nd6 12. Nf6+ Ke7 13. Bg5 Kf8 14. Bg2 1-0

[Event "Let's Play Chess!"]
[Site "http://www.queenalice.com/game.php?id=141494"]
[Date "2006.12.14"]
[Round "-"]
[White "BaABnG"]
[Black "Morti"]
[Result "0-1"]
[WhiteElo "1376"]
[BlackElo "1887"]

1. e4 e5 2. Nf3 Nc6 3. d4 Bb4+ 4. c3 Ba5 5. Bd2 d6 6. d5 Nce7 7. b4 Bb6 8. Bc4
Bg4 9. O-O Ng6 10. Be2 f5 11. Ng5 h6 12. Ne6 Qh4 13. Bxg4 fxg4 14. Be3 Bxe3 15.
g3 Bxf2+ 0-1

[Event "AUTO-OPEN-483"]
[Site "http://www.queenalice.com/game.php?id=142455"]
[Date "2006.12.16"]
[Round "1"]
[White "BaABnG"]
[Black "draconiano"]
[Result "0-1"]
[WhiteElo "1352"]
[BlackElo "1700"]

1. e4 Nc6 2. Nf3 e5 3. d4 exd4 4. c3 Bc5 5. cxd4 Bb4+ 6. Nc3 Nf6 7. Bc4 O-O 8.
O-O d6 9. d5 Na5 10. a3 Bxc3 11. bxc3 Nxc4 12. Bg5 Nb2 13. Qb3 Nd3 14. c4 Nc5
0-1

[Event "AUTO-OPEN-483"]
[Site "http://www.queenalice.com/game.php?id=142456"]
[Date "2006.12.16"]
[Round "1"]
[White "draconiano"]
[Black "BaABnG"]
[Result "1-0"]
[WhiteElo "1705"]
[BlackElo "1352"]

1. Nf3 g6 2. d4 Bg7 3. c3 e6 4. Nbd2 d5 5. e3 Ne7 6. Bd3 O-O 7. a4 Nbc6 8. c4
Nb4 9. Ra3 c5 10. dxc5 Nxd3+ 11. Ke2 Nxc5 12. Ng5 Nc6 13. h4 Ne5 14. b4 Ne4 15.
Ndxe4 1-0

[Event "AUTO-INT-281"]
[Site "http://www.queenalice.com/game.php?id=142517"]
[Date "2006.12.16"]
[Round "1"]
[White "BaABnG"]
[Black "jsh272"]
[Result "0-1"]
[WhiteElo "1345"]
[BlackElo "1585"]

1. e4 e5 2. Nf3 d6 3. d4 exd4 4. c3 dxc3 5. Nxc3 Bg4 6. Be2 Nc6 7. O-O g6 8. Ng5
Bh6 9. Bxg4 Bxg5 10. Bxg5 Qxg5 11. Nd5 Qd8 12. Rc1 Nf6 13. Nxf6+ Qxf6 0-1

[Event "AUTO-INT-281"]
[Site "http://www.queenalice.com/game.php?id=142518"]
[Date "2006.12.16"]
[Round "1"]
[White "jsh272"]
[Black "BaABnG"]
[Result "1-0"]
[WhiteElo "1578"]
[BlackElo "1352"]

1. d4 g6 2. d5 Bg7 3. e4 d6 4. Nf3 e5 5. Bc4 Bg4 6. O-O Nf6 7. Nbd2 O-O 8. b3 c5
9. Rb1 Nbd7 10. b4 b6 11. bxc5 Nxc5 12. Nb3 Ncxe4 13. Qd3 Rb8 14. a4 Nc5 15.
Nxc5 1-0

[Event "AUTO-INT-281"]
[Site "http://www.queenalice.com/game.php?id=142519"]
[Date "2006.12.16"]
[Round "1"]
[White "BaABnG"]
[Black "sshspooky"]
[Result "0-1"]
[WhiteElo "1373"]
[BlackElo "1492"]

1. e4 e6 2. Nf3 Nh6 3. d4 c6 4. Nc3 Na6 5. a3 b5 6. Bd3 f5 7. e5 Ng4 8. Bg5 Be7
9. Bxe7 Qxe7 10. O-O c5 11. Nxb5 cxd4 12. Nbxd4 Nc5 13. b4 Nxd3 14. Qxd3 a5 15.
b5 Bb7 16. h3 Be4 17. Qe2 Nxe5 18. Nxe5 Qg5 19. Ndf3 Qh5 20. Nd4 Qg5 21. Ndf3
Qh5 22. c4 Rc8 23. Rad1 O-O 24. Nd4 Qg5 25. Ndf3 Qh6 26. Rxd7 Rc5 0-1

[Event "AUTO-INT-281"]
[Site "http://www.queenalice.com/game.php?id=142520"]
[Date "2006.12.16"]
[Round "1"]
[White "sshspooky"]
[Black "BaABnG"]
[Result "1-0"]
[WhiteElo "1503"]
[BlackElo "1362"]

1. e3 g6 2. d4 Bg7 3. Nf3 e6 4. Bd2 d5 5. Ng5 Qxg5 6. e4 Qh4 7. g3 Qxe4+ 8. Be3
Qxh1 9. f4 Qxh2 10. Qe2 Qxg3+ 11. Qf2 Qxf2+ 12. Bxf2 Nc6 13. c3 Nge7 14. a4 O-O
15. Nd2 e5 16. dxe5 Bg4 17. c4 dxc4 18. Bxc4 Nb4 19. Nf1 Nc2+ 20. Kd2 Nxa1 21.
Ne3 Rad8+ 22. Kc3 Bf5 23. Bh4 Rd7 24. b4 Kh8 25. Kb2 Bh6 26. Kxa1 Bxf4 27. Bf6+
1-0

[Event "AUTO-INT-281"]
[Site "http://www.queenalice.com/game.php?id=142521"]
[Date "2006.12.16"]
[Round "1"]
[White "BaABnG"]
[Black "Kisei"]
[Result "0-1"]
[WhiteElo "1339"]
[BlackElo "1742"]

1. e4 e5 2. Nf3 Nc6 3. Nc3 Nf6 4. Bc4 Nxe4 5. Nxe4 d5 6. Bxd5 Qxd5 7. d3 Bf5 8.
Qe2 O-O-O 9. c4 Qxd3 10. Qxd3 Rxd3 11. Ned2 Bb4 12. O-O Bxd2 13. Bxd2 Rhd8 14.
Rad1 Bg4 0-1

[Event "AUTO-INT-281"]
[Site "http://www.queenalice.com/game.php?id=142522"]
[Date "2006.12.16"]
[Round "1"]
[White "Kisei"]
[Black "BaABnG"]
[Result "1-0"]
[WhiteElo "1744"]
[BlackElo "1337"]

1. e4 g6 2. d4 Bg7 3. c4 e6 4. Nc3 c6 5. Nf3 d5 6. exd5 cxd5 7. Be3 Nf6 8. Be2
Nc6 9. cxd5 exd5 10. Qd2 Ne7 11. Bb5+ Bd7 12. O-O O-O 13. Bh6 Nf5 14. Bxg7 Kxg7
15. Ne5 1-0

[Event "Challenge"]
[Site "http://www.queenalice.com/game.php?id=217998"]
[Date "2007.5.29"]
[Round "-"]
[White "BaABnG"]
[Black "Phil_Corrigan"]
[Result "0-1"]
[WhiteElo "1335"]
[BlackElo "1627"]

1. e4 e6 2. d4 d5 3. e5 Qd7 4. Nf3 b6 5. Nc3 Ne7 6. Be2 Ba6 7. O-O Bxe2 8. Qxe2
c5 9. dxc5 bxc5 10. Qb5 Nf5 11. Qxd7+ Nxd7 12. a4 Be7 0-1

[Event "Challenge"]
[Site "http://www.queenalice.com/game.php?id=218000"]
[Date "2007.5.29"]
[Round "-"]
[White "Phil_Corrigan"]
[Black "BaABnG"]
[Result "1-0"]
[WhiteElo "1636"]
[BlackElo "1335"]

1. d4 g6 2. c4 Bg7 3. Nc3 Nf6 4. e4 O-O 5. Bd3 d6 6. Nge2 e5 7. d5 c6 8. O-O b5
9. cxb5 cxb5 10. Nxb5 Ba6 11. Nec3 Nbd7 12. Be3 1-0